Riconosci il Pokémon - Quiz n°998 - Statistics

Statistiche generali
  • Questo quiz è stato fatto 0 volte
  • Il punteggio medio è 0 su 10
Statistiche sulle risposte
Indizio Risposta % Corretto
Altezza 0,7 m
0%
Sesso 100% ♀
0%
Peso 59,1 kg
0%
Tasso di cattura 90 (20.1%)
0%
Tipo Folletto / Acciaio
0%
Tasso di allevamento Medio-Lento
0%
Generazione Nona
0%
Stadio evoluzione Prima evoluzione
0%
Abilità Rompiforma; Mente Locale; Arraffalesto
0%
Pokémon Tinkatuff
0%
Nessun quiz corrispondente trovato
Distribuzione punteggi
Percentuale di utenti per punteggio
Percentile per numero di risposta
I tuoi punteggi nel tempo
Non hai fatto questo quiz